ARRUPE JESUIT UNIVERSITY

CORONAVIRUS -STOP THE SPREAD - CLEAN,DISINFECT,COVER

The course of recognition / (Record no. 66256)

MARC details
000 -LEADER
fixed length control field 01418cam a22003374a 4500
001 - CONTROL NUMBER
control field 13845422
003 - CONTROL NUMBER IDENTIFIER
control field ARRUPE
005 - DATE AND TIME OF LATEST TRANSACTION
control field 20170801101303.0
008 - FIXED-LENGTH DATA ELEMENTS--GENERAL INFORMATION
fixed length control field 050119s2005 mau b 001 0 eng
010 ## - LIBRARY OF CONGRESS CONTROL NUMBER
LC control number 2005040292
020 ## - INTERNATIONAL STANDARD BOOK NUMBER
International Standard Book Number 0674019253
040 ## - CATALOGING SOURCE
Original cataloging agency DLC
Transcribing agency DLC
Modifying agency DLC
041 1# - LANGUAGE CODE
Language code of text/sound track or separate title eng
Language code of original and/or intermediate translations of text fre
042 ## - AUTHENTICATION CODE
Authentication code pcc
050 00 - LIBRARY OF CONGRESS CALL NUMBER
Classification number B828.45
Item number .R5313 2005
082 00 - DEWEY DECIMAL CLASSIFICATION NUMBER
Classification number 121/.3
Edition number 22
300 ## - PHYSICAL DESCRIPTION
Dimensions 22 cm.
100 1# - MAIN ENTRY--PERSONAL NAME
Personal name Ricœur, Paul.
9 (RLIN) 34122
240 10 - UNIFORM TITLE
Uniform title <a href="Parcours de la reconnaissance.">Parcours de la reconnaissance.</a>
Language of a work English
245 14 - TITLE STATEMENT
Title The course of recognition /
Statement of responsibility, etc Paul Ricœur ; translated by David Pellauer.
260 ## - PUBLICATION, DISTRIBUTION, ETC. (IMPRINT)
Place of publication, distribution, etc Cambridge, Mass. :
Name of publisher, distributor, etc Harvard University Press,
Date of publication, distribution, etc 2005.
300 ## - PHYSICAL DESCRIPTION
Extent xi, 297 p. ;
490 1# - SERIES STATEMENT
Series statement Institute for Human Sciences Vienna lecture series
504 ## - BIBLIOGRAPHY, ETC. NOTE
Bibliography, etc Includes bibliographical references (p. 285-291) and index.
505 00 - FORMATTED CONTENTS NOTE
Formatted contents note Introduction -- Recognition as identification -- recognizing oneself -- Mutal recognition -- Conclusion: A review.
650 #0 - SUBJECT ADDED ENTRY--TOPICAL TERM
Topical term or geographic name as entry element Perception (Philosophy)
9 (RLIN) 14386
650 #0 - SUBJECT ADDED ENTRY--TOPICAL TERM
Topical term or geographic name as entry element Phenomenology.
9 (RLIN) 34123
650 #0 - SUBJECT ADDED ENTRY--TOPICAL TERM
Topical term or geographic name as entry element Gratitude.
9 (RLIN) 17257
830 #0 - SERIES ADDED ENTRY--UNIFORM TITLE
Uniform title Vienna lecture series.
9 (RLIN) 34124
906 ## - LOCAL DATA ELEMENT F, LDF (RLIN)
a 7
b cbc
c orignew
d 1
e ocip
f 20
g y-gencatlg
942 ## - ADDED ENTRY ELEMENTS (KOHA)
Source of classification or shelving scheme Library of Congress Classification
Koha item type Monograph ( Printed materials)
Holdings
Withdrawn status Lost status Source of classification or shelving scheme Damaged status Not for loan Collection code Home library Current library Date acquired Total Checkouts Full call number Barcode Date last seen Copy number Price effective from Koha item type
    Library of Congress Classification     Main Collection ARRUPE LIBRARY ARRUPE LIBRARY 05/03/2013   B828.45.R5313 2005 46004005126 05/03/2013 1 05/03/2013 Monograph ( Printed materials)

 

Arrupe Library. PO Box MP320 Mt Pleasant, Harare, Zimbabwe
263 242 745411|librarian@aju.ac.zw